| 000 | 00726nam a2200253 i 4500 | ||
|---|---|---|---|
| 001 | bg | ||
| 100 | 1 |
_aTASAK, Edmund _d(1944- ) |
|
| 245 | 1 | 0 |
_aSpawalność stali / _cEdmund Tasak. |
| 260 |
_aKraków : _b"Fotobit", _c2002. |
||
| 300 |
_a341 s. : _bil. ; _c25 cm. |
||
| 504 | _aBibliogr. | ||
| 650 | 9 | _aSpawalnictwo | |
| 650 | 9 |
_aStal _xtechnologia |
|
| 655 | _aPodręczniki akademickie | ||
| 015 | _aPB 22127/2003 | ||
| 020 | _a8391712907 | ||
| 040 | _cBPK | ||
| 041 | 0 | _apol | |
| 080 | _a669.1:621.791/.795](075.8) | ||
| 920 | _a83-917129-0-7 | ||
| 942 | _cKS | ||
| 008 | s pl f |000 0 pol | ||
| 999 |
_c51507 _d51507 |
||
| 856 |
_uhttp://koha.tu.koszalin.pl/cgi-bin/koha/opac-detail.pl?biblionumber=51507 _yKatalog online BPK |
||